Guess the Taylor Swift Song with No Hints - Statistics

General Stats
  • This quiz has been taken 131 times
  • The average score is 331 of 390
Answer Stats
Answer % Correct
I
99%
the
97%
The
97%
a
96%
you
96%
You
96%
my
94%
do
93%
He
93%
he
93%
(he
93%
it
93%
it"
93%
like
93%
me
93%
me)
93%
when
93%
your
93%
an
92%
and
92%
And
92%
love
91%
I'm
90%
in
90%
you're
90%
did
89%
it's
89%
of
89%
that
89%
was
89%
But
88%
but
88%
can
88%
for
88%
her
88%
so
88%
with
88%
With
88%
as
87%
heart
87%
know
87%
too
87%
all
85%
All
85%
They
85%
this
85%
time
85%
his
84%
said,
84%
said
84%
am
83%
broken
83%
down,
83%
even
83%
(one,
83%
'Cause
82%
every
82%
life"
82%
life
82%
"More"
82%
smile,
82%
crowd
81%
floor
81%
he'd
81%
I've
81%
make
81%
mind
81%
read
81%
real
81%
short
81%
'til
81%
bitch
80%
Breaking
80%
camera,
80%
chanting,
80%
die
80%
good
80%
good,
80%
him
80%
hit
80%
lights
80%
Lights,
80%
three,
80%
three)
80%
two,
80%
wanna
80%
birthday
79%
cry
79%
day
79%
depressed,
79%
fake
79%
kid,
79%
shattered
79%
tough
79%
act
78%
art
78%
gotta
78%
handle
78%
having
78%
lot
78%
pieces
78%
"She's
78%
shit
78%
avoids
76%
"Babe
76%
"Babe,
76%
hitting
76%
left
76%
obsessed
76%
productive,
76%
winning,
76%
four)
75%
grinning
75%
knows
75%
marks
75%
been
74%
come
74%
didn't
74%
show
74%
There
74%
job
73%
doing
72%
hold
72%
miserable
72%
plague
72%
test
72%
breath
71%
nobody
71%
pass
71%
since
71%
Try
71%
night
70%
glittering
69%
thing
69%
sure
67%
imagine
66%
keep
66%
off
65%
whole
65%
finding
64%
quite
64%
things
64%
drawers
62%
prime
62%
evidence,
61%
Crucial
60%
lies
60%
miles
60%
stars
60%
silhouette
56%
stilettos
54%
sequined
35%
refrect
11%
No matching quizzes found
Score Distribution
Percent of People with Each Score
Percentile by Number Answered
Your Score History
You have not taken this quiz